Countries Without Their Vowels #2 - Statistics

General Stats
  • This quiz has been taken 1,756 times
  • The average score is 22 of 24
Answer Stats
Consonants Country % Correct
MDGSCR Madagascar
100%
QTR Qatar
100%
GYPT Egypt
99%
PLND Poland
99%
FRNC France
98%
MNGL Mongolia
98%
ZMB Zambia
98%
BTSWN Botswana
97%
PRTGL Portugal
97%
SYR Syria
97%
CHN China
96%
CYPRS Cyprus
96%
HNDRS Honduras
96%
LTV Latvia
96%
MXC Mexico
96%
MZMBQ Mozambique
96%
SRB Serbia
96%
BLGR Bulgaria
95%
CMRN Cameroon
94%
SDN Sudan
92%
GYN Guyana
86%
STRL Australia
74%
RGY Uruguay
73%
NDNS Indonesia
53%
No matching quizzes found
Score Distribution
Percent of People with Each Score
Percentile by Number Answered
Your Score History
You have not taken this quiz